Banksy. (Record no. 5369)
[ view plain ]
| 000 -CABECERA | |
|---|---|
| campo de control de longitud fija | 00892cam a2200289 a 4500 |
| 001 - NÚMERO DE CONTROL | |
| campo de control | 5252121 |
| 003 - IDENTIFICADOR DEL NÚMERO DE CONTROL | |
| campo de control | CaAEU |
| 005 - FECHA Y HORA DE LA ÚLTIMA TRANSACCIÓN | |
| campo de control | 20260304110049.0 |
| 008 - DATOS DE LONGITUD FIJA--INFORMACIÓN GENERAL | |
| campo de control de longitud fija | 070731s2006 enka 000 0 eng c |
| 020 ## - NÚMERO INTERNACIONAL ESTÁNDAR DEL LIBRO | |
| Número Internacional Estándar del Libro | 9781844137879 (pbk.) |
| 035 ## - NÚMERO DE CONTROL DEL SISTEMA | |
| Número de control de sistema | ocn186480632 |
| 040 ## - FUENTE DE LA CATALOGACIÓN | |
| Centro catalogador/agencia de origen | UKM |
| Centro/agencia transcriptor | UKM |
| Centro/agencia modificador | CGU |
| -- | BAKER |
| -- | COO |
| -- | IXA |
| -- | OCO |
| -- | NLGGC |
| -- | DPL |
| -- | CaONFJC |
| 041 ## - CÓDIGO DE LENGUA | |
| Código de lengua del texto/banda sonora o título independiente | English |
| 042 ## - CÃDIGO DE AUTENTICACIÃN | |
| Código de autenticación | pcc |
| 050 #4 - SIGNATURA TOPOGRÁFICA DE LA BIBLIOTECA DEL CONGRESO | |
| Número de clasificación | N6797.B363 |
| Número de documento/Ítem | A4 2006 |
| 100 ## - ENTRADA PRINCIPAL--NOMBRE DE PERSONA | |
| Nombre de persona | Banksy |
| 9 (RLIN) | 22305 |
| 245 10 - MENCIÓN DE TÍTULO | |
| Título | Banksy. |
| 246 14 - FORMA VARIANTE DE TÍTULO | |
| Título propio/Titulo breve | Banksy : |
| Resto del título | wall and piece |
| 246 30 - FORMA VARIANTE DE TÍTULO | |
| Título propio/Titulo breve | Wall and piece |
| 260 ## - PUBLICACIÓN, DISTRIBUCIÓN, ETC. | |
| Lugar de publicación, distribución, etc. | London, UK : |
| Nombre del editor, distribuidor, etc. | Century, |
| Fecha de publicación, distribución, etc. | 2006. |
| 300 ## - DESCRIPCIÓN FÍSICA | |
| Extensión | 238 pages : |
| Otras características físicas | illustrations (some color) ; |
| Dimensiones | 27 cm |
| 505 ## - NOTA DE CONTENIDO CON FORMATO | |
| Nota de contenido con formato | Banksy — His work — Photographed — With comments by Banksy — In a book — This is that book. |
| 600 #0 - PUNTO DE ACCESO ADICIONAL DE MATERIA--NOMBRE DE PERSONA | |
| Nombre de persona | Banksy |
| 9 (RLIN) | 22305 |
| 650 #0 - PUNTO DE ACCESO ADICIONAL DE MATERIA--TÉRMINO DE MATERIA | |
| Término de materia o nombre geográfico como elemento de entrada | Street art |
| 9 (RLIN) | 22307 |
| 650 #0 - PUNTO DE ACCESO ADICIONAL DE MATERIA--TÉRMINO DE MATERIA | |
| Término de materia o nombre geográfico como elemento de entrada | Graffiti artists--England--Influence. |
| 9 (RLIN) | 22306 |
| 942 ## - ELEMENTOS DE ENTRADA AGREGADA (KOHA) | |
| Fuente del sistema de clasificación o colocación | Clasificación de Library of Congress |
| Estado de retiro | Estado de pérdida | Fuente del sistema de clasificación o colocación | Estado dañado | No para préstamo | Biblioteca de origen | Biblioteca actual | Fecha de adquisición | Total de préstamos | Fecha visto por última vez | Número de copia | Precio válido a partir de | Tipo de ítem Koha | Nota pública |
|---|---|---|---|---|---|---|---|---|---|---|---|---|---|
| Clasificación de Library of Congress | TBS Barcelona | TBS Barcelona | 04/03/2026 | 04/03/2026 | 1 | 04/03/2026 | Book | SOON AVAILABLE |

